Přehled středoškolské fyziky

Guardado en:
Detalles Bibliográficos
Autor principal: Svoboda, Emanuel (Autor)
Formato: Libro
Lenguaje:checo
Publicado: Praha : Prometheus, spol. s r.o., 1996
Materias:
Etiquetas: Agregar Etiqueta
Sin Etiquetas, Sea el primero en etiquetar este registro!

MARC

LEADER 00000nam a22000003a 4500
001 stu25009
005 20150617225742.1
008 980302s1996------------------------cze-d
020 |a 80-7196-006-3 
040 |a STU  |b slo 
041 0 |a cze 
080 |a 53(075.3) 
084 |a A0130N  |2 INS 
100 1 |a Svoboda, Emanuel  |4 aut 
245 1 |a Přehled středoškolské fyziky 
260 |a Praha :  |b Prometheus, spol. s r.o.,  |c 1996 
300 |a 497 s 
650 7 |a stredoškolská fyzika  |2 stusub 
996 |b 284EK07858  |c E*81800  |l EE01  |s A  |a 24  |w stu25009_0001